Convective heat transfer (Record no. 60742)

000 -LEADER
fixed length control field 01145cam a22003134a 4500
001 - CONTROL NUMBER
control field 12594635
003 - CONTROL NUMBER IDENTIFIER
control field NUST-PNEC
005 - DATE AND TIME OF LATEST TRANSACTION
control field 20170116180706.0
008 - FIXED-LENGTH DATA ELEMENTS--GENERAL INFORMATION
fixed length control field 011120s2002 caua b 001 0 eng
010 ## - LIBRARY OF CONGRESS CONTROL NUMBER
LC control number 2001051951
020 ## - INTERNATIONAL STANDARD BOOK NUMBER
International Standard Book Number 0966846141
020 ## - INTERNATIONAL STANDARD BOOK NUMBER
International Standard Book Number 354042881X
040 ## - CATALOGING SOURCE
Original cataloging agency DLC
Transcribing agency LIBRARY
042 ## - AUTHENTICATION CODE
Authentication code pcc
050 00 - LIBRARY OF CONGRESS CALL NUMBER
Classification number TJ260
Item number .C35 2002
082 00 - DEWEY DECIMAL CLASSIFICATION NUMBER
Classification number 621.4022 CEB
Edition number 21
100 1# - MAIN ENTRY--PERSONAL NAME
Personal name Cebeci, Tuncer.
245 10 - TITLE STATEMENT
Title Convective heat transfer
Statement of responsibility, etc. Tuncer Cebeci.
250 ## - EDITION STATEMENT
Edition statement 2nd rev. ed.
260 ## - PUBLICATION, DISTRIBUTION, ETC.
Place of publication, distribution, etc. Long Beach, Calif. :
Name of publisher, distributor, etc. Horizons Pub. ;
Place of publication, distribution, etc. Berlin ;
-- New York :
Name of publisher, distributor, etc. Springer,
Date of publication, distribution, etc. c.2002
300 ## - PHYSICAL DESCRIPTION
Extent xii, 345 p. :
Other physical details ill. ;
Dimensions 25 cm. +
Accompanying material 1 CD-ROM (4 3/4 in.)
650 #0 - SUBJECT ADDED ENTRY--TOPICAL TERM
Topical term or geographic name entry element Heat
General subdivision ME
650 #0 - SUBJECT ADDED ENTRY--TOPICAL TERM
Topical term or geographic name entry element Fluid dynamics.
700 1# - ADDED ENTRY--PERSONAL NAME
Personal name Cebeci, Tuncer.
Title of a work Physical and computational aspects of convective heat transfer.
700 1# - ADDED ENTRY--PERSONAL NAME
Personal name Cebeci, Tuncer.
Title of a work Conventive heat transfer.
Name of part/section of a work PNECSolutions manual and computer programs.
906 ## - LOCAL DATA ELEMENT F, LDF (RLIN)
a 7
b cbc
c orignew
d 1
e ocip
f 20
g y-gencatlg
942 ## - ADDED ENTRY ELEMENTS (KOHA)
Source of classification or shelving scheme
Koha item type Book
Holdings
Withdrawn status Lost status Source of classification or shelving scheme Damaged status Not for loan Permanent Location Current Location Shelving location Date acquired Source of acquisition Total Checkouts Full call number Barcode Date last seen Price effective from Koha item type
          Pakistan Navy Engineering College (PNEC) Pakistan Navy Engineering College (PNEC) Reference 08/23/2013 Donated   621.4022 CEB PNECLIB-031466 09/25/2014 09/25/2014 Book
          Pakistan Navy Engineering College (PNEC) Pakistan Navy Engineering College (PNEC)         621.4022 CEB PNECLIB-026512 09/19/2015   Book
© 2023 Central Library, National University of Sciences and Technology. All Rights Reserved.